| 000 | 00644nam a22002177a 4500 | ||
|---|---|---|---|
| 003 | OSt | ||
| 005 | 20230927125315.0 | ||
| 008 | 230927b |||||||| |||| 00| 0 eng d | ||
| 020 | _a0534596975 | ||
| 020 | _a978-0534596972 | ||
| 040 | _cALUPE UNIVERSITY | ||
| 050 |
_aBF637 _b.C6C576 2004 |
||
| 100 | _aGerald Corey | ||
| 245 |
_aTheory and Practice of Group Counseling _cby Gerald Corey |
||
| 250 | _a6th | ||
| 260 |
_aUSA _bBrooks Cole _cc2004 |
||
| 300 |
_axix, 522p. : _g27cm |
||
| 500 | _aIncludes bibliographical references and index | ||
| 650 | _ai) Group leadership ii) Stages in the development of a group | ||
| 942 |
_2lcc _cBK _nMM |
||
| 999 |
_c5978 _d5978 |
||